Nation and family: the Swedish experiment in democratic family and population policy (Record no. 374769)

000 -LEADER
fixed length control field 00414cam a22001337a 4500
008 - FIXED-LENGTH DATA ELEMENTS--GENERAL INFORMATION
fixed length control field 180718b1947 xxu||||| |||| 00| 0 eng d
082 ## - DEWEY DECIMAL CLASSIFICATION NUMBER
Classification number B14x485 M996
100 ## - MAIN ENTRY--PERSONAL NAME
Personal name Myrdal, Alva
245 ## - TITLE STATEMENT
Title Nation and family: the Swedish experiment in democratic family and population policy
Statement of responsibility, etc. by Alva Myrdal
260 ## - PUBLICATION, DISTRIBUTION, ETC.
Place of publication, distribution, etc. London
Name of publisher, distributor, etc. Kegan Paul
Date of publication, distribution, etc. 1947
300 ## - PHYSICAL DESCRIPTION
Extent 441p.
650 ## - SUBJECT ADDED ENTRY--TOPICAL TERM
Topical term or geographic name entry element Democracy - Sweden
650 ## - SUBJECT ADDED ENTRY--TOPICAL TERM
Topical term or geographic name entry element Family - Sweden
Holdings
Withdrawn status Lost status Damaged status Not for loan Permanent Location Current Location Date acquired Full call number Barcode Date last seen Price effective from Koha item type
        Indian Institute of Public Administration Indian Institute of Public Administration 1994-06-29 B14x485 M996 7915 2018-07-21 2018-07-21 Book
        Indian Institute of Public Administration Indian Institute of Public Administration 2009-07-13 B14x485 M996 7519 2018-07-21 2018-07-21 Book

Powered by Koha